| 000 | 00552nam a22001937a 4500 | ||
|---|---|---|---|
| 003 | KOHA_MİRAKIL | ||
| 005 | 20260415093151.0 | ||
| 008 | 260415b tu ||||| |||| 00| 0 tur d | ||
| 040 |
_aTR-AnABB _btur _cTR-AnABB |
||
| 041 | _atur | ||
| 082 |
_a338.9 _bREG 1968 |
||
| 245 | 0 | 0 |
_aRegional analysis / _cEdited by: L. Needleman |
| 260 |
_aMiddlesex : _bPenguin Books, _c1968 |
||
| 300 |
_a400 sayfa ; _c18 cm |
||
| 650 | 0 | 4 | _aEkonomik politika |
| 650 | 0 | 4 | _aBölgesel ekonomi |
| 700 | 1 |
_aNeedleman, L., _eeditör _93455 |
|
| 942 |
_2ddc _cBK |
||
| 999 |
_c10254 _d10254 |
||
| 900 | _bCan ÇELIK | ||